Qaḍāʼ al-naqḍ fī al-taftīsh, (Record no. 48762)

MARC details
000 -LEADER
fixed length control field 00867cam a22002651 4500
001 - CONTROL NUMBER
control field ne 66000614
003 - CONTROL NUMBER IDENTIFIER
control field DLC
005 - DATE AND TIME OF LATEST TRANSACTION
control field 20260227111821.0
008 - FIXED-LENGTH DATA ELEMENTS--GENERAL INFORMATION
fixed length control field 910926s1957 ua 000 0 arar
010 ## - LIBRARY OF CONGRESS CONTROL NUMBER
LC control number ne 66000614
035 ## - SYSTEM CONTROL NUMBER
System control number (OCoLC)24961226
040 ## - CATALOGING SOURCE
Original cataloging agency DLC
Transcribing agency MH-L
Modifying agency OCoLC
-- DLC
042 ## - AUTHENTICATION CODE
Authentication code premarc
043 ## - GEOGRAPHIC AREA CODE
Geographic area code f-ua---
050 00 - LIBRARY OF CONGRESS CALL NUMBER
Classification number KRM4636
Item number .J86 1957
100 1# - MAIN ENTRY--PERSONAL NAME
Personal name Jumʻah, Rābiḥ Luṭfī.
245 10 - TITLE STATEMENT
Title Qaḍāʼ al-naqḍ fī al-taftīsh,
Statement of responsibility, etc. li-Rābiḥ Luṭfī Jumʻah. Taqdīm Muḥammad ʻAṭīyah Ismāʻīl.
250 ## - EDITION STATEMENT
Edition statement al-Ṭabʻah 1.
260 ## - PUBLICATION, DISTRIBUTION, ETC.
Place of publication, distribution, etc. al-Qāhirah,
Name of publisher, distributor, etc. Maktabat a-Nahḍah al-Miṣrīyah,
Date of publication, distribution, etc. 1957.
300 ## - PHYSICAL DESCRIPTION
Extent 7, 202 p.
Dimensions 24 cm.
500 ## - GENERAL NOTE
General note Includes legislation.
650 #0 - SUBJECT ADDED ENTRY--TOPICAL TERM
Topical term or geographic name entry element Criminal investigation
Geographic subdivision Egypt
General subdivision Cases.
650 #0 - SUBJECT ADDED ENTRY--TOPICAL TERM
Topical term or geographic name entry element Searches and seizures
Geographic subdivision Egypt
General subdivision Cases.
700 1# - ADDED ENTRY--PERSONAL NAME
Personal name Ismāʻīl, Muḥammad ʻAṭīyah.

No items available.

Powered by Koha